Largest Cities in Canadian Provinces - Statistics

General Stats
  • This quiz has been taken 24 times
  • The average score is 25 of 65
Answer Stats
Province/Territory City % Correct
Alberta Calgary
100%
Alberta Edmonton
100%
Quebec Montreal
96%
Ontario Ottawa
96%
Quebec Quebec City
96%
Ontario Toronto
96%
British Columbia Vancouver
96%
Nova Scotia Halifax
92%
New Brunswick St. John
92%
Newfoundland and Labrador St. John's
92%
Saskatchewan Saskatoon
88%
Manitoba Winnipeg
88%
Northwest Territories Yellowknife
88%
Ontario Hamilton
79%
Saskatchewan Regina
79%
Yukon Whitehorse
71%
Nunavut Iqaluit
63%
Ontario Mississauga
63%
Prince Edward Island Charlottetown
58%
Alberta Red Deer
50%
New Brunswick Fredericton
46%
British Columbia Surrey
46%
New Brunswick Moncton
42%
Quebec Trois-Rivieres
42%
Ontario Brampton
38%
Alberta Lethbridge
38%
British Columbia Richmond
38%
British Columbia Abbotsford
33%
British Columbia Burnaby
33%
Quebec Gatineau
33%
Saskatchewan Moose Jaw
33%
Manitoba Brandon
29%
Yukon Dawson
29%
Quebec Sherbrooke
29%
Nova Scotia Cape Breton
21%
Northwest Territories Inuvik
21%
Saskatchewan Prince Albert
21%
Nova Scotia Truro
21%
Newfoundland and Labrador Corner Brook
17%
Newfoundland and Labrador Mount Pearl
17%
Alberta St. Albert
17%
Manitoba Thompson
17%
New Brunswick Dieppe
13%
Northwest Territories Hay River
13%
Manitoba Steinbach
13%
Nova Scotia Amherst
8%
Northwest Territories Behchoko
8%
Nunavut Cambridge Bay
8%
Newfoundland and Labrador Conception Bay South
8%
Northwest Territories Fort Smith
8%
Yukon Haines Junction
8%
Nova Scotia New Glasgow
8%
Manitoba Portage La Prairie
8%
Nunavut Rankin Inlet
8%
Prince Edward Island Summerside
8%
Saskatchewan Swift Current
8%
Yukon Watson Lake
8%
Nunavut Arviat
4%
Nunavut Baker Lake
4%
Yukon Carmacks
4%
Prince Edward Island Cornwall
4%
Newfoundland and Labrador Paradise
4%
Prince Edward Island Stratford
4%
New Brunswick Riverview
0%
Prince Edward Island Three Rivers
0%
No matching quizzes found
Score Distribution
Percent of People with Each Score
Percentile by Number Answered
Your Score History
You have not taken this quiz